000 00823nam a22002177a 4500
999 _c9258
_d9258
003 AR-CdUCM
008 190327b ||||| |||| 00| 0 spa d
040 _aMUNICIPALIDAD PROVINCIAL DEL CUSCO
_cBIBLIOTECA MUNICIPAL DEL CUSCO
082 _a202 /
_bW54
100 _aWhite, E. G. de
_925344
245 _aLecciones prácticas del gran Maestro /
260 _aBuenos Aires :
_bCasa editora Sudamericana,
_c1944.
300 _a400 páginas ;
_bilustraciones,
_c20 cm.
505 _aContenido: LA enseñanza en parábolas -- La siembra de la verdad -- El secreto del crecimiento -- La siembra del error -- Pequeño comienzo - Grandes resultados ...
650 _aReligión
_91195
650 _aPasajes de la biblia
_925345
650 _aJesús
_925346
650 _aTeología
_93537
942 _2ddc
_cLIBROS
945 _aachl